000 00741nam a2200229Ii 4500
003 JO-AjNU
008 230605s9999||||xx |||||||||||||| ||und||
017 _a2018/7/3431
020 _a978-9923-15-000-9
040 _aJO-AjNU
_bara
_erda
_cJO-AjNU
041 _aara
050 1 4 _aK2390 2020
100 3 _aالحجايا، نور حمد,
_eauthor
_962837
245 0 0 _aالتنازع الدولي للقوانين وتطبيقاته
250 _aط1
264 3 1 _aعمان: دار الثقافة للنشر والتوزيع، 2020
300 _a328ص
336 _atext
_btxt
_2rdacontent
337 _aunmediated
_bn
_2rdamedia
338 _avolume
_bnc
_2rdacarrier
650 4 _aالنزاعات-القانون الدولي
_962838
999 _aA28473
_c32041
_d32041